书目信息 |
| 题名: |
西方法学名著提要
|
|
| 作者: | 李龙 主编 | |
| 分册: | ||
| 出版信息: | 南昌 江西人民出版社 2005.5 |
|
| 页数: | 631页 | |
| 开本: | 21cm | |
| 丛书名: | ||
| 单 册: | ||
| 中图分类: | Z88:D90 | |
| 科图分类: | ||
| 主题词: | 法学--fa xue--著作--内容提要--西方国家 , 法学--fa xue | |
| 电子资源: | ||
| ISBN: | 7-210-02030-6 | |
| 000 | 00913nam0 2200253 450 | |
| 001 | CAL 012006050665 | |
| 005 | 20061030151105.15 | |
| 010 | @a7-210-02030-6@dCNY30.00 | |
| 099 | @aCAL 012006050665 | |
| 100 | @a20060918d2005 em y0chiy0120 ea | |
| 101 | 0 | @achi@eeng |
| 102 | @aCN@b360000 | |
| 105 | @ay z 000yy | |
| 200 | 1 | @a西方法学名著提要@Axi fang fa xue ming zhu ti yao@d= The summary of the famous works on western law@f李龙主编@zeng |
| 210 | @a南昌@c江西人民出版社@d2005.5 | |
| 215 | @a631页@d21cm | |
| 330 | @a本书节选了柏拉图的《法律篇》、亚里士多德的《政治学》、西塞罗的《论法律》、奥古斯丁的《上帝之城》等西方国家的法学著作。 | |
| 510 | 1 | @aThe summary of the famous works on western law@zeng |
| 606 | 0 | @a法学@Afa xue@x著作@x内容提要@y西方国家 |
| 606 | 0 | @a法学@Afa xue |
| 690 | @aZ88:D90@v4 | |
| 701 | 0 | @a李龙@Ali long@4主编 |
| 801 | 0 | @aCN@c20061030 |
| 905 | @apdsgxy@dZ88:D90@eL202 | |
| 西方法学名著提要= The summary of the famous works on western law/李龙主编.-南昌:江西人民出版社,2005.5 |
| 631页;21cm |
| ISBN 7-210-02030-6:CNY30.00 |
| 本书节选了柏拉图的《法律篇》、亚里士多德的《政治学》、西塞罗的《论法律》、奥古斯丁的《上帝之城》等西方国家的法学著作。 |
| ● |
| 相关链接 |
|
|
|
正题名:西方法学名著提要
索取号:Z88:D90/L202
 
预约/预借
| 序号 | 登录号 | 条形码 | 馆藏地/架位号 | 状态 | 备注 |
| 1 | 635392 | 206353925 | 自科库501/501自科库 132排2列2层/ [索取号:Z88:D90/L202] | 在馆 | |
| 2 | 635393 | 206353934 | 自科库501/501自科库 133排8列2层/ [索取号:Z88:D90/L202] | 在馆 | |
| 3 | 635394 | 206353943 | 自科库501/501自科库 132排2列2层/ [索取号:Z88:D90/L202] | 在馆 |